<?xml version="1.0" encoding="UTF-8"?>
<record
    xmlns:xsi="http://www.w3.org/2001/XMLSchema-instance"
    xsi:schemaLocation="http://www.loc.gov/MARC21/slim http://www.loc.gov/standards/marcxml/schema/MARC21slim.xsd"
    xmlns="http://www.loc.gov/MARC21/slim">

  <leader>01954nam a22001457a 4500</leader>
  <datafield tag="041" ind1=" " ind2=" ">
    <subfield code="a">ENG</subfield>
  </datafield>
  <datafield tag="082" ind1=" " ind2=" ">
    <subfield code="a">261.8</subfield>
    <subfield code="b">VEL</subfield>
  </datafield>
  <datafield tag="100" ind1=" " ind2=" ">
    <subfield code="a">Vellem Vuyani</subfield>
  </datafield>
  <datafield tag="245" ind1=" " ind2=" ">
    <subfield code="a">Bible and Theology from the underside of Empire</subfield>
  </datafield>
  <datafield tag="260" ind1=" " ind2=" ">
    <subfield code="a">SOUTH AFRICA</subfield>
    <subfield code="b">SUN PRESS</subfield>
    <subfield code="c">2017</subfield>
  </datafield>
  <datafield tag="300" ind1=" " ind2=" ">
    <subfield code="a">223</subfield>
    <subfield code="b">24 CM</subfield>
  </datafield>
  <datafield tag="505" ind1=" " ind2=" ">
    <subfield code="a">Broken bodies --
Justice in the heart of faith: truth in a world of propaganda / Graham Adams --
Globalisation and corporatisation: a case for the state of our global health / Eleazar S. Fernandez --
Gender justice in times of empire / Patricia Sheerattan-Bisnauth --
The failure of empire to protect and honour / Feiloaiga Taule'ale'ausumai Davis --
Doubting empire: growing as faithful children / Graham Adams --
Trafficking and violence against children: a real-life story / Marsha Nathalee Martin --
Colonized spaces --
Sea of creation: beneath the horizons of Genesis 1:6-23 / Jione Havea --
Anamnestic solidarity: celebrating dangerous memories in the midst of empire / Georg Zacharia --
The fire behind the branding / Philip Vinod Peacock --
Economic and political justice / John Samuel --
Preaching jubilee in the post-industrial city / James W. Perkinson --
Iziko: insurrection and resurrection / Vuyani S. Vellem --
God's world is not an "animal farm", or is it: Re-reading Matthew 20:q-16 in the face of workplace economic injustices / Lilly Phiri --
Mineral resources and multinational corporations and its impact on African people / Kuzipa Nalwamba --
Transgressive bodies --
Look out / Tioti Timon --
A gift not withstanding its abuses: studying Genesis 19 and Judges 19 in the context of empire-sponsored violence against LGBTI persons / Massiwa Gunda --
The politics of resistance: from welcomed immigrants to alleged terrorists Roderick R. Hewitt --
Reuniting sexuality and spirituality / Un Hey Kim.</subfield>
  </datafield>
  <datafield tag="650" ind1=" " ind2=" ">
    <subfield code="a">Church and social problems.</subfield>
    <subfield code="a">Social problems -- Biblical teaching.</subfield>
    <subfield code="a">Christianity and politics -- Biblical teaching.</subfield>
  </datafield>
  <datafield tag="942" ind1=" " ind2=" ">
    <subfield code="c">BK</subfield>
  </datafield>
  <datafield tag="952" ind1=" " ind2=" ">
    <subfield code="0">0</subfield>
    <subfield code="1">0</subfield>
    <subfield code="4">0</subfield>
    <subfield code="7">0</subfield>
    <subfield code="a">HMI</subfield>
    <subfield code="b">HMI</subfield>
    <subfield code="c">GEN</subfield>
    <subfield code="d">2019-12-11</subfield>
    <subfield code="e">Singapore</subfield>
    <subfield code="l">0</subfield>
    <subfield code="o">261.8 VEL</subfield>
    <subfield code="p">11004107</subfield>
    <subfield code="r">2026-01-16</subfield>
    <subfield code="w">2026-01-16</subfield>
    <subfield code="y">BK</subfield>
  </datafield>
  <datafield tag="999" ind1=" " ind2=" ">
    <subfield code="c">22803</subfield>
    <subfield code="d">22803</subfield>
  </datafield>
</record>
